000 01036cam a2200313 i 4500
999 _c1051
_d1051
001 2211981
003 OSt
005 20210623091810.0
008 741218r1973 enk b 001 0 eng
010 _a 74192721
015 _aGB74-06228
020 _a0582552079 :
040 _aDLC
_cDLC
_dDLC
050 0 0 _aPE1112
_b.Q5 1973
082 0 0 _a425
100 1 _aQuirk, Randolph.
240 1 0 _aConcise grammar of contemporary English
245 1 2 _aA university grammar of English /
_c[by] Randolph Quirk, Sidney Greenbaum.
260 _a[Harlow] :
_bLongman,
_c1973.
300 _axi, 484 p. ;
_c24 cm.
500 _a"Based on A grammar of contemporary English by Randolph Quirk [et al.]"
500 _aAmerican ed. published under title: A concise grammar of contemporary English.
500 _aIncludes index.
504 _aBibliography: p. [462]-464.
650 0 _aEnglish language
_xGrammar.
700 1 _aGreenbaum, Sidney,
_ejoint author.
906 _a7
_bcbc
_corignew
_d3
_encip
_f19
_gy-gencatlg
942 _2lcc
_cBK
_nSO